All-Time Washington Nationals WAR Leaders - Statistics

General Stats
  • This quiz has been taken 17 times
  • The average score is 9 of 10
Answer Stats
Position WAR Player % Correct
SP 20.3 Jordan Zimmerman
100%
SP 40.2 Max Scherzer
100%
1B/3B 40.1 Ryan Zimmerman
100%
SP 32.3 Stephen Strasburg
100%
3B 30.0 Anthony Rendon
92%
OF 27.8 Bryce Harper
92%
SS 22.3 Trea Turner
92%
OF 21.3 Juan Soto
85%
SP 19.3 Gio Gonzalez
62%
SP 19.8 Liván Hernández
54%
No matching quizzes found
Score Distribution
Percent of People with Each Score
Percentile by Number Answered
Your Score History
You have not taken this quiz